|
|
|
|
| LEADER |
00000nam0a2200000 4500 |
| 001 |
39104 |
| 005 |
20231031011054.0 |
| 010 |
|
|
|a 9660303750
|
| 035 |
|
|
|a (RuTPU)RU\TPU\book\39942
|
| 090 |
|
|
|a 39104
|
| 100 |
|
|
|a 20020322d1998 m y0rusy50 ca
|
| 101 |
0 |
|
|a rus
|
| 102 |
|
|
|a RU
|
| 105 |
|
|
|a a gj 000zy
|
| 200 |
1 |
|
|a Репетитор по математике для поступающих в ВУЗЫ
|e Справочник
|f Ю. В. Кириченко, С. Ю. Кириченко, В. И. Омельченко, В. Э. Разницына, И. Л. Разницын
|
| 210 |
|
|
|a Харьков
|a Ростов-на-Дону
|c Фолио
|c Феникс
|d 1998
|
| 215 |
|
|
|a 463 с.
|c ил.
|
| 610 |
1 |
|
|a математика
|
| 610 |
1 |
|
|a числа
|
| 610 |
1 |
|
|a алгебраические уравнения
|
| 610 |
1 |
|
|a алгебраические неравенства
|
| 610 |
1 |
|
|a прогрессии
|
| 610 |
1 |
|
|a функции
|
| 610 |
1 |
|
|a логарифмы
|
| 610 |
1 |
|
|a тригонометрия
|
| 610 |
1 |
|
|a формулы
|
| 610 |
1 |
|
|a уравнения
|
| 610 |
1 |
|
|a геометрия
|
| 610 |
1 |
|
|a справочники
|
| 675 |
|
|
|a 51(035)
|v 3
|
| 701 |
|
1 |
|a Кириченко
|b Ю. В.
|g Юрий Викторович
|
| 701 |
|
1 |
|a Кириченко
|b С. Ю.
|g Сергей Юрьевич
|
| 701 |
|
1 |
|a Омельченко
|b В. И.
|g Виктор Иванович
|
| 701 |
|
1 |
|a Разницына
|b В. Э.
|g Виктория Эдальевна
|
| 701 |
|
1 |
|a Разницын
|b И. Л.
|g Илья Львович
|
| 801 |
|
1 |
|a RU
|b 63413507
|c 20020322
|g PSBO
|
| 801 |
|
2 |
|a RU
|b 63413507
|c 20120305
|g PSBO
|
| 942 |
|
|
|c BK
|